000 00407nam a22001571a 4500
020 _a9788192004921
082 _aH 944.05
_bNAP/F
100 _aNepoliyan Bonapart
245 _aFrancisi krathikari Nepolian Bonapart/
_cby Nepoliyan Bonapart
260 _aDelhi:
_bDivyam,
_c2011.
300 _a192p.
650 _aHistory Nepolian Bonapart
650 _aHistory France
650 _aHistory
942 _cBK
999 _c15035
_d15035